Normal view
MARC view
- Sherman, Natalie.
Entry Personal Name
001 - CONTROL NUMBER
- control field: 2728
003 - CONTROL NUMBER IDENTIFIER
- control field: NUST
005 - DATE AND TIME OF LATEST TRANSACTION
- control field: 20170615124000.0
008 - FIXED-LENGTH DATA ELEMENTS
- fixed length control field: 170615|| aca||aabn | a|a d
040 ## - CATALOGING SOURCE
- Original cataloging agency: NUST
- Transcribing agency: NUST
100 ## - HEADING--PERSONAL NAME
- Personal name: Sherman, Natalie.
670 ## - SOURCE DATA FOUND
- Source citation: Work cat.: (NUST)0: Cappuccino, James G. 2726, Microbiology:, c2008.
